| 000 | 00625nam a2200193 a 4500 | ||
|---|---|---|---|
| 005 | 20140310183412.0 | ||
| 008 | 070913s19uu xx 00 eng d | ||
| 020 | _a9780324222319 | ||
| 050 |
_aKF 1422 _b.J37 2006 |
||
| 100 | _aJarvis, Susan S. | ||
| 245 |
_aLimit your legal risk : _bissues and action plans for the business manager / |
||
| 260 |
_aU.S.A : _bThomson/South-Western, _c2006. |
||
| 300 |
_a232 p. : _c25 cm. |
||
| 521 | _aBSBA | ||
| 650 |
_aExecutives _xLegal status. law, etc. _xUnited States. |
||
| 650 |
_aBusinessmen _xLegal ststus, law, etc. _xUnited States. |
||
| 942 |
_cBK _2lcc _kFOR |
||
| 999 |
_c22520 _d22520 |
||